Central Library OPAC University of Rajshahi

The common law in India / (Record no. 46773)

MARC details
000 -LEADER
fixed length control field 00726nam a2200241 a 4500
001 - CONTROL NUMBER
control field 46773
003 - CONTROL NUMBER IDENTIFIER
rucl marc code BD-RjUL
005 - DATE AND TIME OF LATEST TRANSACTION
control field 20211209054213.0
008 - FIXED-LENGTH DATA ELEMENTS--GENERAL INFORMATION
fixed length control field 160804s1960 enk 000 0 eng
035 ## - SYSTEM CONTROL NUMBER
System control number (BD-RjUL)46892
040 ## - CATALOGING SOURCE
Original cataloging agency DLC
Transcribing agency FUB
Modifying agency OCL
-- SER
-- UKM
-- EQO
-- BD-RjUL
Language of cataloging eng
041 ## - LANGUAGE CODE
Language code of text/sound track or separate title eng
082 04 - DEWEY DECIMAL CLASSIFICATION NUMBER
Classification number 340.0954
Edition number 23
Author mark and year SEC 1960
100 1# - MAIN ENTRY--PERSONAL NAME
Personal name Setalvad, M. C.
Fuller form of name (Motilal Chimanlal)
9 (RLIN) 142524
245 14 - TITLE STATEMENT
Title The common law in India /
Statement of responsibility, etc. by M.C. Setalvad, Padma Vibhufhan
260 ## - PUBLICATION, DISTRIBUTION, ETC. (IMPRINT)
Place of publication, distribution, etc. London :
Name of publisher, distributor, etc. Stevens,
Date of publication, distribution, etc. 1960.
300 ## - PHYSICAL DESCRIPTION
Pagination viii, 227 p. ;
Size 19 cm.
490 1# - SERIES STATEMENT
Series statement Hamlyn lectures,
Volume/sequential designation 12th ser.
650 #0 - SUBJECT ADDED ENTRY--TOPICAL TERM
Topical term or geographic name as entry element Common law
Geographic subdivision India.
9 (RLIN) 142525
830 #0 - SERIES ADDED ENTRY--UNIFORM TITLE
Uniform title Hamlyn lectures,
Volume number/sequential designation 12th ser.
942 ## - ADDED ENTRY ELEMENTS (KOHA)
Source of classification or shelving scheme Dewey Decimal Classification
Koha item type Books
Holdings
Lost status Source of classification or shelving scheme Damaged status Not for loan Collection code Permanent Location Current Location Shelving location Date acquired Source of acquisition Cost, normal purchase price Total Checkouts Full call number Date last seen Copy number Koha item type
  Dewey Decimal Classification     Non-fiction Central Library, University of Rajshahi Central Library, University of Rajshahi   12/11/1968 Zeitlinger 22.60   340.0954 SEC 1960 04/08/2016 C-2 Books
  Dewey Decimal Classification     Non-fiction Central Library, University of Rajshahi Central Library, University of Rajshahi   26/03/1964 Zeitlinger 22.60   340.0954 SEC 1960 18/10/2016 C-3 Books